| 000 | 00575nam a22002057a 4500 | ||
|---|---|---|---|
| 001 | 24037 | ||
| 003 | BD-RjUL | ||
| 005 | 20211209001012.0 | ||
| 008 | 140312s1981 nyua|||| |||| 00| 0 eng d | ||
| 035 | _a(BD-RjUL)24102 | ||
| 040 |
_aBD-RjUL _beng _cBD-RjUL _dBD-RjUL |
||
| 041 | _aeng | ||
| 082 |
_223 _a364.1323092 _bGRS 1981 |
||
| 100 | 1 |
_aGreene, Robert W _974039 |
|
| 245 | 1 |
_aThe sting man : _binside Abscam / _cby Robert W Greene |
|
| 260 |
_aNew York : _bDutton, _c1981. |
||
| 300 |
_a268p. : _billus. ; _c23cm. |
||
| 650 | 0 |
_aWeinberg, Mel. _974040 |
|
| 942 |
_2ddc _cBK |
||
| 999 |
_c24037 _d24037 |
||